• 首页
  • 本馆介绍
  • 公告通知
  • 最新文献
  • 馆藏检索
  • 电子资源
  • 读者导购
  • 参考咨询
  • 我的图书馆
  • 登录
  • 详细信息显示
  • 放入我的书架
  • 预约/预借图书
  • 作者相关作品
  • 分类相关作品
  • 丛书相关作品
  • 出版社相关作品

书目信息

  • 表格格式
  • 工作单格式
  • 卡片格式
题名:
移动互联网企业价值评估与价值创造
    
 
作者: 王招治, 著
分册:  
出版信息: 北京   经济管理出版社  2020.05
页数: 251页
开本: 24cm
丛书名: 工商管理理论与实践前沿丛书
单 册:
中图分类: F279.244.4
科图分类:
主题词: 网络公司--wang luo gong si--企业管理--研究--中国
电子资源:
ISBN: 978-7-5096-7009-5
000 01344nam 2200301 450
001 CAL 0120203007973
005 20230308143222.0
010    @a978-7-5096-7009-5@dCNY69.00
100    @a20200603d2020 em y0chiy0120 ea
101 0  @achi
102    @aCN@b110000
105    @aak a 000yy
106    @ar
200 1  @a移动互联网企业价值评估与价值创造@Ayi dong hu lian wang qi ye jia zhi ping gu yu jia zhi chuang zao@d= Value evaluation and creation of mobile internet enterprise@f王招治著@zeng
210    @a北京@c经济管理出版社@d2020.05
215    @a251页@c图@d24cm
225 2  @a工商管理理论与实践前沿丛书@Agong shang guan li li lun yu shi jian qian yan cong shu
300    @a本书出版受2017年度福建省高校杰出青年科研人才项目资助
314    @a王招治, 暨南大学硕士, 中级会计师。
320    @a有书目 (第192-201页)
330    @a本书分六章, 内容包括: 导论 ; 企业价值评估理论分析 ; 移动互联网企业价值评估新模型的构建 ; 移动互联网企业价值评估实证研究 ; 移动互联网企业价值创造原理及驱动因素等。
410  0 @12001 @a工商管理理论与实践前沿丛书
510 1  @aValue evaluation and creation of mobile internet enterprise@zeng
606 0  @a网络公司@Awang luo gong si@x企业管理@x研究@y中国
690    @aF279.244.4@v5
701  0 @a王招治,@Awang zhao zhi@f1984-@4著
801  0 @aCN@bBJXHXP@c20230308
905    @b1392463-6@dF279.244.4@e2029@f4
    
    移动互联网企业价值评估与价值创造= Value evaluation and creation of mobile internet enterprise/王招治著.-北京:经济管理出版社,2020.05
    251页:图;24cm.-(工商管理理论与实践前沿丛书)
    本书出版受2017年度福建省高校杰出青年科研人才项目资助
    
    ISBN 978-7-5096-7009-5:CNY69.00
    本书分六章, 内容包括: 导论 ; 企业价值评估理论分析 ; 移动互联网企业价值评估新模型的构建 ; 移动互联网企业价值评估实证研究 ; 移动互联网企业价值创造原理及驱动因素等。
●
相关链接 在E读中查询图书 在五车中查询图书 在当当中查询图书 在豆瓣中查询图书


正题名:移动互联网企业价值评估与价值创造     索取号:F279.244.4/2029         预约/预借

序号 登录号 条形码 馆藏地/架位号 状态 备注
1 1392463   213924636   第一样本阅览室/ [索取号:F279.244.4/2029] 在馆    
2 1392464   213924645   第一借阅区/ [索取号:F279.244.4/2029] 在馆    
3 1392465   213924654   第一借阅区/ [索取号:F279.244.4/2029] 在馆    
4 1392466   213924663   第一借阅区/ [索取号:F279.244.4/2029] 在馆    
唐山师范学院图书馆 欢迎您!
大连网信软件有限公司© 版权所有